=LDR 00000nam 2200000 4500 =001 INLIS000000000038215 =005 20130612143907 =008 ***********************************IND** =035 ##$$0010-061300000038215 =041 ##$$a IND =082 ##$$a 336.2 =090 ##$$a 336.2, Mar p =100 ##$$a Markus, Muda =245 ##$$a Perpajakan Indonesia, Suatu Pengantar =650 ##$$a Pajak =850 ##$$a NBPNMAT